Engendering the early household : (Record no. 9656)
[ view plain ]
| 000 -LEADER | |
|---|---|
| fixed length control field | 00701 a2200193 4500 |
| 010 ## - LIBRARY OF CONGRESS CONTROL NUMBER | |
| LC control number | ENG-89017 |
| 020 ## - INTERNATIONAL STANDARD BOOK NUMBER | |
| Terms of availability | 695.00 |
| International Standard Book Number | 8125032320 |
| 035 ## - SYSTEM CONTROL NUMBER | |
| System control number | EN-72550 |
| 037 ## - SOURCE OF ACQUISITION | |
| Source of stock number/acquisition | DBAD / PUB |
| 082 14 - DEWEY DECIMAL CLASSIFICATION NUMBER | |
| Classification number | 954.012 |
| 090 ## - LOCALLY ASSIGNED LC-TYPE CALL NUMBER (OCLC); LOCAL CALL NUMBER (OCLC) | |
| -- | 9835 |
| -- | 9835 |
| 100 ## - MAIN ENTRY--PERSONAL NAME | |
| Personal name | Tyagi, Jaya |
| 245 1# - TITLE STATEMENT | |
| Title | Engendering the early household : |
| Statement of responsibility, etc | by Jaya Tyagi |
| Remainder of title | brahmanical precepts in the early Grhyasutras, middle of the first millenium B.C.E. / |
| 260 ## - PUBLICATION, DISTRIBUTION, ETC. (IMPRINT) | |
| Place of publication, distribution, etc | New Delhi |
| Name of publisher, distributor, etc | Orient Longman |
| Date of publication, distribution, etc | 2008 |
| 270 ## - ADDRESS | |
| Address | 1/24, Asaf Ali Road, |
| City | New Delhi |
| Postal code | 110 002 |
| 300 ## - PHYSICAL DESCRIPTION | |
| Dimensions | 22 cm ( Hb.) |
| Other physical details | xxviii, 378p. |
| 942 ## - ADDED ENTRY ELEMENTS (KOHA) | |
| Koha item type | English Books |
| Institution code [OBSOLETE] | dpl |
| Call number prefix | 954.012 / TYA |
| Withdrawn status | Lost status | Source of classification or shelving scheme | Damaged status | Not for loan | Collection code | Home library | Current library | Source of acquisition | Cost, normal purchase price | Total Checkouts | Full call number | Barcode | Date last seen | Copy number | Uniform Resource Identifier | Cost, replacement price | Price effective from | Koha item type |
|---|---|---|---|---|---|---|---|---|---|---|---|---|---|---|---|---|---|---|
| Dewey Decimal Classification | Not For Loan | Non-fiction | D.B.Act.Division | D.B.Act.Division | DBAD/PUB | 695.00 | 954.012 TYA | EN-72550 | 15/09/2008 | 1 | 10646 | 695.00 | 15/09/2008 | English Books |
